Daisen-in : ein Zen-Tempel des 16. Jahrhunderts in Kyōto = a 16th century Zen-temple in Kyōto /

Saved in:
Bibliographic Details
Main Author: Wachtmann, Hans Günter.
Other Authors: Kruse, Ingrid von.
Format: Book
Language:German
Published: München : Hirmer, c2000.
Subjects:
Tags: Add Tag
No Tags, Be the first to tag this record!
LEADER 01181cam a2200337 a 4500
001 008564157-X
005 20020606104010.5
008 010308s2000 gw ae b 000 0 ger d
020 |a 3777486108 
035 0 |a ocm46991837 
035 1 |a MAHA01B898 
035 1 |z NYMA00B8777 
040 |d CStRLIN  |d MH-FA 
041 0 |a gereng 
043 |a a-ja--- 
050 0 0 |a SB466.J33  |b W34 2000 
100 1 |a Wachtmann, Hans Günter. 
245 1 0 |a Daisen-in :  |b ein Zen-Tempel des 16. Jahrhunderts in Kyōto = a 16th century Zen-temple in Kyōto /  |c Hans Günter Wachtmann, Ingrid von Kruse ; [Übersetzung, Penelope Tunstall Benothman]. 
246 3 1 |a 16th century Zen-temple in Kyōto 
246 3 |a Sixteenth century Zen-temple in Kyōto 
260 |a München :  |b Hirmer,  |c c2000. 
300 |a 187 p. :  |b ill. (some col., some folded), plans ;  |c 29 cm. 
504 |a Includes bibliographical references (p. 187). 
546 |a German and English. 
610 2 0 |a Daitokuji (Kyoto, Japan) 
650 0 |a Zen temples  |z Japan  |z Kyoto. 
650 0 |a Gardens, Japanese  |z Japan  |z Kyoto. 
650 0 |a Architecture  |z Japan  |y To 1600. 
700 1 |a Kruse, Ingrid von. 
988 |a 20020608 
906 |0 RLIN